Southville International School and Colleges
Your cart is empty.
  • Cart
  • Lists
    Public lists Eva Luna New books Lux_list list_1
    Your lists Log in to create your own lists
  • Log in to your account
  • Your cookies
  • Search history
Southville International School and Colleges
  • Advanced search
  • Recent comments
  • Most popular
  • Libraries

Log in to your account

Log in with GOOGLE


If you do not have an external account, but do have a local account, you can still log in:

  1. Home
  2. MARC view: Financial markets and institutions. /
Normal view MARC view ISBD view

Financial markets and institutions. / (Record no. 25160)

[ view plain ]
MARC details
000 -LEADER
fixed length control field 00755nam a2200229 a 4500
005 - DATE AND TIME OF LATEST TRANSACTION
control field 20140310183605.0
008 - FIXED-LENGTH DATA ELEMENTS--GENERAL INFORMATION
fixed length control field 120609s19uu xx 00 eng d
020 ## - INTERNATIONAL STANDARD BOOK NUMBER
International Standard Book Number 9780071325769
050 ## - LIBRARY OF CONGRESS CALL NUMBER
Classification number HG 4910
Item number .Sa257 2011
100 ## - MAIN ENTRY--PERSONAL NAME
Personal name Saunders, Anthony
245 ## - TITLE STATEMENT
Title Financial markets and institutions. /
Statement of responsibility, etc Anthony Saunders and Marcia Millon Cornett.
250 ## - EDITION STATEMENT
Edition statement 4th ed., International ed.
260 ## - PUBLICATION, DISTRIBUTION, ETC. (IMPRINT)
Place of publication, distribution, etc Boston, United States :
Name of publisher, distributor, etc Irwin/McGraw-Hill,
Date of publication, distribution, etc 2011.
300 ## - PHYSICAL DESCRIPTION
Extent 697 p. :
Other physical details ill. ;
Dimensions 25 cm.
500 ## - GENERAL NOTE
General note Includes index
521 ## - TARGET AUDIENCE NOTE
Target audience note
650 ## - SUBJECT ADDED ENTRY--TOPICAL TERM
Topical term or geographic name as entry element Financial institutions
General subdivision Unites States
-- Management
650 ## - SUBJECT ADDED ENTRY--TOPICAL TERM
Topical term or geographic name as entry element Financial services industry
General subdivision United States
700 ## - ADDED ENTRY--PERSONAL NAME
Personal name Cornett, Marcia Millon
942 ## - ADDED ENTRY ELEMENTS (KOHA)
Koha item type Books
Source of classification or shelving scheme Library of Congress Classification
Call number prefix Foreign
Holdings
Withdrawn status Lost status Source of classification or shelving scheme Damaged status Home library Current library Shelving location Date acquired Source of acquisition Total Checkouts Full call number Barcode Date last seen Copy number Price effective from Koha item type
    Library of Congress Classification   College Library College Library General Circulation Section 06/09/2012     HG 4910 .Sa257 2011 C14739 05/15/2018 1 10/18/2013 Books

Financial markets and institutions. /

APA

Saunders A., Cornett M. M., . (2011). Financial markets and institutions. Boston, United States: Irwin/McGraw-Hill.

Chicago

Saunders Anthony, Cornett Marcia Millon, . 2011. Financial markets and institutions. Boston, United States: Irwin/McGraw-Hill.

Harvard

Saunders A., Cornett M. M., . (2011). Financial markets and institutions. Boston, United States: Irwin/McGraw-Hill.

MLA

Saunders Anthony, Cornett Marcia Millon, . Financial markets and institutions. Boston, United States: Irwin/McGraw-Hill. 2011.

  • Place hold
  • Print
  • Cite
  • Add to your cart (remove)
  • Save record
    BIBTEX Dublin Core MARCXML MARC (non-Unicode/MARC-8) MARC (Unicode/UTF-8) MARC (Unicode/UTF-8, Standard) MODS (XML) RIS
  • More searches
    Search for this title in:
    Other Libraries (WorldCat) Other Databases (Google Scholar) Online Stores (Bookfinder.com) Open Library (openlibrary.org)

Exporting to Dublin Core...

SOUTHVILLE LIBRARY

Southville International School and Colleges Library

1281 Tropical Ave. Cor. Luxembourg St., BF Homes International, Las Pinas City

Tel. No. 8256374 / 252358 Loc. 117/146

Powered by Koha